| 000 | 00624nam a2200229Ia 4500 | ||
|---|---|---|---|
| 001 | 9242 | ||
| 008 | 190905s1961 ii a g b000 u 465 u | ||
| 082 | _a822.33 | ||
| 100 | _aShakespeare, William. | ||
| 245 | 0 |
_aHamlet / _cWilliam Shakespeare. _hTextual Documents |
|
| 250 | _a1st ed. / | ||
| 260 |
_aCambridge : _bCambridge University Press , _c1961. |
||
| 300 |
_alviii, 262p. : _bill. ; _c17cm . |
||
| 504 | _aIndex | ||
| 653 | _aEnglish Drama-Shakespeare | ||
| 653 | _aShakespeare`s Drama | ||
| 653 | _aG-English | ||
| 653 | _aMS-English | ||
| 653 | _aT/G-English | ||
| 700 | _aVerity, A.W. . | ||
| 942 |
_2ddc _cBK |
||
| 999 |
_c9229 _d9229 |
||